<?xml version="1.0" encoding="UTF-8"?>
<marc:record xmlns:marc="http://www.loc.gov/MARC21/slim">
   <marc:leader>00000nam a2200000 a 4500</marc:leader>
   <marc:datafield ind1="1" ind2=" " tag="100">
      <marc:subfield code="a">Küper, Barbara</marc:subfield>
   </marc:datafield>
   <marc:datafield ind1="1" ind2=" " tag="100">
      <marc:subfield code="a">Tolman, Marije</marc:subfield>
   </marc:datafield>
   <marc:datafield ind1="1" ind2=" " tag="100">
      <marc:subfield code="a">Dijkstra, Lida</marc:subfield>
   </marc:datafield>
   <marc:datafield ind1="0" ind2="0" tag="245">
      <marc:subfield code="a">Picknick mit Torte</marc:subfield>
   </marc:datafield>
   <marc:datafield ind1="0" ind2="0" tag="245">
      <marc:subfield code="c">Thé Tjong-Khing</marc:subfield>
   </marc:datafield>
   <marc:datafield ind1=" " ind2="1" tag="264">
      <marc:subfield code="a">Frankfurt a. M.</marc:subfield>
      <marc:subfield code="b">Moritz-Verl.</marc:subfield>
      <marc:subfield code="c">2008</marc:subfield>
   </marc:datafield>
   <marc:datafield ind1="1" ind2=" " tag="520">
      <marc:subfield code="a">Wer hat diesmal die Torten geklaut? - Außergewöhnliches Bilderbuch ohne Text. (ab 4) (JD) Bereits 2006 wurde schon einmal eine Torte geklaut. In dem textlosen Bilderbuch 'Die Torte ist weg&#x93; waren die Ratten die Täter. Mit 'Picknick mit Torte&#x93; vertieft der niederländische (in Indonesien geborene) Illustrator die Geschichte von den Tieren, die sich wieder mit zwei Torten zu einem Picknick aufmachen. Der beschwerliche Weg führt über einen Fluss den Berg hinauf. Oben angekommen, sind die Torten weg, verdächtigt werden sofort die Ratten, doch die sind diesmal unschuldig. Kennt man nach einem ersten 'Lese&#x93;-Durchgang den Täter, ist man mit diesem Bilderbuch noch lange nicht fertig. Denn mindestens so reizvoll ist es, die einzelnen Figuren und ihre Erfahrungen auf dem Weg zu studieren. Da ist z.B. die Katzendame mit ihren wechselnden Herrenbekanntschaften oder der Bär, der sich unterwegs ein Bein verletzt und nun auf Hilfe angewiesen ist. Beim Betrachten tauchen so immer neue Fragen auf. Erst nach und nach erschließt sich die ganze Fülle an Charakteren, Erlebnissen und kleinen Vorfällen, die in den Bildern erzählt und zugleich versteckt sind. - Ein ganz besonderes, sehr anregendes Bilderbuch für Kinder ab 4! *bn* Gabriele Doblhammer</marc:subfield>
   </marc:datafield>
   <marc:datafield ind1=" " ind2=" " tag="020">
      <marc:subfield code="a">97838956519</marc:subfield>
      <marc:subfield code="9">97838956519</marc:subfield>
   </marc:datafield>
   <marc:datafield ind1=" " ind2=" " tag="020">
      <marc:subfield code="a">3895651958</marc:subfield>
      <marc:subfield code="9">3895651958</marc:subfield>
   </marc:datafield>
   <marc:datafield ind1=" " ind2=" " tag="500">
      <marc:subfield code="a">Übers. aus dem Niederländ.</marc:subfield>
   </marc:datafield>
   <marc:datafield ind1=" " ind2=" " tag="300">
      <marc:subfield code="a">[13] Bl. : nur Ill. (farb.)</marc:subfield>
   </marc:datafield>
</marc:record>
